000 00764nam a2200289Ia 4500
005 20260324113433.0
008 008 260324s9999 xx 000 0 eng d
020 _a9781003320111
037 _aEBOOK
040 _aCRL
040 _beng
040 _cCRL
041 _2eng
041 _aeng
084 _qCRL
100 _aJulián Jefferies; G. Sue Kasun; Beth Marks
_91146770
245 0 _aDecolonizing Study Abroad through the Identities of Latinx Students
245 2 _bA Manifesto to Reclaim Identities and Heritage
260 _bTaylor and Francis
260 _c2023
365 _a
365 _b83.99
856 _uhttp://www.taylorfrancis.com/books/9781003320111
942 _cEBOOK
999 _c1736416
_d1736416